00480nam a2200193Ia 4500008004100000020001800041050001400059100001800073245004300091245002100134260001500155260001600170260000900186300001500195300002700210300001100237440002900248500000900277170918s9999 xx 000 0 und d a9780531276655 bB473 2013 aBenoit, Peter 4aThe assassination of John F. Kennedy / cby Peter Benoit. aNew York : bScholastic, c2013 a64 pages : bcolored illustration ; c23 cm. aCornerstones of freedom. a1030